[Event "XII Festival A"]
[Site "Trieste ITA"]
[Date "2010.09.10"]
[Round "8"]
[White "Rombaldoni, Axel"]
[Black "Epishin, Vladimir V."]
[Result "1/2-1/2"]
[WhiteElo "2453"]
[BlackElo "2594"]
[PlyCount "55"]
[EventDate "2010.09.04"]

1. e4 c5 2. Nf3 a6 3. c4 e6 4. Nc3 Qc7 5. Be2 Nc6 6. d4 cxd4 7. Nxd4 Nf6 8. Nc2
Bd6 9. Be3 O-O 10. h3 Be5 11. Nd4 b6 12. Rc1 Nxd4 13. Bxd4 Bb7 14. Bf3 Rfc8 15.
O-O Rab8 16. b3 h6 17. a4 Qd6 18. Bxe5 Qxe5 19. Qd3 Re8 20. g3 Rbc8 21. Rcd1
Qb8 22. Bg2 b5 23. axb5 axb5 24. Nxb5 d5 25. exd5 exd5 26. Qd2 Ba6 27. Nd4 dxc4
28. bxc4 1/2-1/2

[Event "XII Festival A"]
[Site "Trieste ITA"]
[Date "2010.09.10"]
[Round "8"]
[White "Sarno, Spartaco"]
[Black "Kragelj, Igor"]
[Result "1-0"]
[WhiteElo "2329"]
[BlackElo "2226"]
[PlyCount "125"]
[EventDate "2010.09.04"]

1. Nf3 Nf6 2. c4 c5 3. g3 d5 4. Bg2 Nc6 5. O-O e5 6. cxd5 Nxd5 7. Nc3 Nc7 8. d3
Be7 9. Nd2 Bd7 10. Nc4 f6 11. f4 b5 12. Ne3 exf4 13. gxf4 Rb8 14. a4 b4 15.
Ncd5 O-O 16. f5 Nd4 17. Rf2 Bc6 18. Nxc7 Qxc7 19. Nc4 Rbd8 20. Bf4 Qd7 21. Bxc6
Qxc6 22. e4 Rf7 23. Rg2 Bf8 24. Rg3 Qe8 25. h4 Rfd7 26. h5 Qf7 27. Kh2 Nxf5 28.
exf5 Qxc4 29. dxc4 Rxd1 30. Rxd1 Rxd1 31. h6 Rd4 32. Bb8 a6 33. b3 Kf7 34. hxg7
Bxg7 35. Kg2 Bf8 36. Rh3 h6 37. Kf3 Bd6 38. Bxd6 Rxd6 39. Rxh6 Rd3+ 40. Ke4
Rxb3 41. Rh7+ Ke8 42. Rd7 Rb1 43. Kd5 b3 44. Rb7 b2 45. Kxc5 Kd8 46. a5 Kc8 47.
Kc6 Rc1 48. Rxb2 Rxc4+ 49. Kd6 Re4 50. Rc2+ Kb7 51. Rc7+ Kb8 52. Rc5 Kb7 53.
Kd7 Re3 54. Rc7+ Kb8 55. Rc6 Re5 56. Rxf6 Rxa5 57. Rf8+ Kb7 58. f6 Rf5 59. Ke6
Rf1 60. Re8 Re1+ 61. Kf7 Rf1 62. Re6 a5 63. Ke8 1-0

[Event "XII Festival A"]
[Site "Trieste ITA"]
[Date "2010.09.10"]
[Round "8"]
[White "Sevenyuk, Alexey"]
[Black "Biason, Adriano"]
[Result "1-0"]
[WhiteElo "1920"]
[BlackElo "1928"]
[PlyCount "63"]
[EventDate "2010.09.04"]

1. e4 c5 2. c3 Nf6 3. e5 Nd5 4. d4 cxd4 5. Nf3 d6 6. Bc4 dxe5 7. Nxe5 e6 8. O-O
Nf6 9. Bb5+ Bd7 10. Bxd7+ Nbxd7 11. Qxd4 Bc5 12. Qa4 O-O 13. Rd1 Qc7 14. Nxd7
Nxd7 15. Rxd7 Qe5 16. Qd1 Bb6 17. Nd2 Rfd8 18. Nf3 Rxd7 19. Qxd7 Qe2 20. Be3
Rd8 21. Qa4 Bxe3 22. fxe3 b5 23. Qb3 g5 24. Re1 Qd3 25. Nxg5 Rd5 26. Nf3 a5 27.
e4 a4 28. Qb4 Rh5 29. Qd4 Qc4 30. Qxc4 bxc4 31. e5 f5 32. Rd1 1-0

[Event "XII Festival A"]
[Site "Trieste ITA"]
[Date "2010.09.10"]
[Round "8"]
[White "Srebrnic, Vojko"]
[Black "De Val, Daniele"]
[Result "1-0"]
[WhiteElo "2178"]
[BlackElo "2249"]
[PlyCount "171"]
[EventDate "2010.09.04"]

1. Nf3 d5 2. d4 e6 3. c4 c5 4. cxd5 exd5 5. g3 Nc6 6. Bg2 Nf6 7. O-O Be7 8. Nc3
O-O 9. b3 Ne4 10. Bb2 Bf6 11. Rc1 Nxd4 12. Nxd4 Bxd4 13. e3 Bxc3 14. Bxc3 Be6
15. Bb2 Rc8 16. f3 Nf6 17. Qd2 Re8 18. Rfd1 Qe7 19. Bf1 Bd7 20. Re1 b6 21. Bd3
Red8 22. Qc2 h6 23. Qc3 Ne8 24. Bb1 Rc6 25. Qd3 f5 26. Qxd5+ Qf7 27. Qxf7+ Kxf7
28. Red1 Rcc8 29. Rxd7+ Rxd7 30. Bxf5 Rd2 31. Bc3 Rcd8 32. Bxd2 Rxd2 33. Rc2
Rd1+ 34. Kf2 Nd6 35. Bh3 b5 36. Bf1 c4 37. bxc4 Nxc4 38. Bxc4+ bxc4 39. f4 Ke6
40. Rxc4 Rd2+ 41. Kf3 Rxa2 42. h4 a5 43. Rc7 Kf6 44. g4 a4 45. Rc6+ Kf7 46. h5
a3 47. Ke4 Ra1 48. Ra6 a2 49. Ra7+ Kf6 50. Ra6+ Kf7 51. g5 hxg5 52. fxg5 Rh1
53. Rxa2 Rxh5 54. Kf5 g6+ 55. Kf4 Rh4+ 56. Ke5 Rb4 57. Ra7+ Kf8 58. Rd7 Rb5+
59. Rd5 Rb3 60. e4 Ke7 61. Rc5 Rb7 62. Ra5 Rc7 63. Ra6 Rc3 64. Kf4 Kf7 65. Rf6+
Kg7 66. Rd6 Kf7 67. Rd7+ Kf8 68. Rd5 Rc6 69. Ke5 Ke7 70. Rb5 Rc7 71. Kd4 Rd7+
72. Rd5 Ra7 73. Rc5 Rd7+ 74. Ke3 Rb7 75. Rc6 Kf7 76. Rf6+ Kg7 77. e5 Rb4 78. e6
Rb5 79. Kf4 Rb4+ 80. Ke5 Rb5+ 81. Kd6 Rxg5 82. Rf7+ Kg8 83. Ra7 Rg1 84. Ra8+
Kg7 85. e7 Rd1+ 86. Kc5 1-0

[Event "XII Festival A"]
[Site "Trieste ITA"]
[Date "2010.09.10"]
[Round "8"]
[White "Suc, Timothy"]
[Black "Hartl, Daniel"]
[Result "0-1"]
[WhiteElo "2014"]
[BlackElo "2233"]
[PlyCount "80"]
[EventDate "2010.09.04"]

1. e4 d5 2. exd5 Nf6 3. d4 Bg4 4. Nf3 Qxd5 5. Be2 Nc6 6. h3 Bh5 7. c4 Qd6 8. d5
Bxf3 9. Bxf3 Ne5 10. O-O Nxf3+ 11. Qxf3 O-O-O 12. Bf4 e5 13. dxe6 Qxe6 14. Nc3
Bd6 15. Nb5 Bxf4 16. Qxf4 Qb6 17. a4 a6 18. a5 Qc5 19. b4 Qe7 20. Rfe1 Qd7 21.
Rad1 Rhe8 22. Rf1 Qe7 23. Rde1 Qd7 24. Rd1 Re4 25. Qf3 Qe7 26. Rxd8+ Qxd8 27.
Nc3 Rxc4 28. b5 Qd6 29. bxa6 Qxa6 30. Nd5 Nxd5 31. Qxd5 Qe6 32. Qg5 g6 33. Rd1
f6 34. Qd2 Qe7 35. a6 bxa6 36. Qd5 Qe4 37. Qa5 Rc6 38. Qa3 Kb7 39. Ra1 Rb6 40.
Kh2 h5 0-1

[Event "XII Festival A"]
[Site "Trieste ITA"]
[Date "2010.09.10"]
[Round "8"]
[White "Tonel, Giulia"]
[Black "Petrachi, Gianni"]
[Result "1/2-1/2"]
[WhiteElo "1977"]
[BlackElo "1899"]
[PlyCount "54"]
[EventDate "2010.09.04"]

1. e4 e5 2. Nf3 Nc6 3. Nc3 Nf6 4. g3 d5 5. exd5 Nxd5 6. Bg2 Nxc3 7. bxc3 Bg4 8.
Rb1 Qd5 9. h3 Bc8 10. O-O Qxa2 11. Rb2 Qa5 12. Re1 Be7 13. Qe2 O-O 14. Rb5 Qa4
15. Nxe5 Nxe5 16. Rxe5 Bf6 17. Re8 Bf5 18. Rxa8 Rxa8 19. Bxb7 Rb8 20. Ba6 h6
21. Bd3 Bxh3 22. Kh2 Be6 23. Qe4 Qxe4 24. Rxe4 Rb1 25. Ba3 g6 26. Bc5 a5 27.
Bd4 Bxd4 1/2-1/2

[Event "XII Festival A"]
[Site "Trieste ITA"]
[Date "2010.09.10"]
[Round "8"]
[White "Ulibin, Mikhail"]
[Black "Tzermiadianos, Andreas"]
[Result "1/2-1/2"]
[WhiteElo "2544"]
[BlackElo "2426"]
[PlyCount "76"]
[EventDate "2010.09.04"]

1. d4 d5 2. Nf3 Nf6 3. c4 dxc4 4. e3 e6 5. Bxc4 c5 6. O-O a6 7. Bb3 b5 8. a4 b4
9. Nbd2 Bb7 10. e4 Be7 11. e5 Nfd7 12. Nc4 O-O 13. Bc2 cxd4 14. Nxd4 Qc7 15.
Qd3 g6 16. Bf4 Nc6 17. Nf3 Rfd8 18. Qe2 b3 19. Bxb3 Nc5 20. Bd1 Nd3 21. Bg3 Nd4
22. Nxd4 Qxc4 23. Nf3 Rac8 24. Qe3 h5 25. h3 h4 26. Bh2 Bc5 27. Qg5 Bxf3 28.
Bxf3 Rd4 29. Be2 Rb8 30. Rac1 Qb4 31. Bxd3 Rxd3 32. Rc2 Be7 33. Qc1 Qxa4 34.
Bf4 Rbd8 35. Be3 Qb5 36. Bc5 Bxc5 37. Rxc5 Qb4 38. Rc4 Qb5 1/2-1/2

[Event "XII Festival A"]
[Site "Trieste ITA"]
[Date "2010.09.10"]
[Round "8"]
[White "Yrjola, Jouni"]
[Black "Pregarac, Valter"]
[Result "1-0"]
[WhiteElo "2368"]
[BlackElo "2089"]
[PlyCount "63"]
[EventDate "2010.09.04"]

1. d4 e6 2. c4 Nf6 3. Nf3 d5 4. Nc3 Nbd7 5. cxd5 exd5 6. Bf4 c6 7. e3 Be7 8. h3
O-O 9. Bd3 Re8 10. Qc2 Nf8 11. O-O-O Ng6 12. Bg5 Be6 13. Ne5 Nd7 14. Bxe7 Qxe7
15. f4 Ngf8 16. g4 f6 17. Nf3 Bf7 18. Rde1 c5 19. g5 c4 20. Bxh7+ Nxh7 21. g6
Nhf8 22. gxf7+ Qxf7 23. Nh4 Qh5 24. Nf5 Nb6 25. Reg1 g6 26. Rg4 Rad8 27. Ng3
Qh7 28. f5 Qh6 29. fxg6 Qxe3+ 30. Qd2 Qf3 31. Rf1 Qd3 32. Rxf6 1-0

[Event "XII Festival A"]
[Site "Trieste ITA"]
[Date "2010.09.11"]
[Round "9"]
[White "Archangelsky, Mikhail"]
[Black "Laco, Giuseppe"]
[Result "0-1"]
[WhiteElo "2212"]
[BlackElo "2126"]
[PlyCount "122"]
[EventDate "2010.09.04"]

1. Nf3 f5 2. d3 d5 3. g3 g6 4. Nbd2 Bg7 5. e4 e6 6. Bg2 Ne7 7. e5 c5 8. c3 Nbc6
9. d4 cxd4 10. cxd4 O-O 11. Nb3 h6 12. h4 b6 13. Be3 Kf7 14. Qd2 Rh8 15. Bf1 a5
16. Rc1 Bd7 17. Be2 Nb4 18. a3 Nbc6 19. Kf1 Qb8 20. Kg2 a4 21. Na1 b5 22. Rc5
Na5 23. Qc3 Ra7 24. Rc1 Nc4 25. Nc2 Nc6 26. Bxc4 bxc4 27. Nb4 Nxb4 28. axb4 Rb7
29. Bd2 Bf8 30. Rh1 Kg7 31. Qe3 Bxc5 32. dxc5 Qe8 33. Nd4 Bc6 34. Qf4 Rf7 35.
Bc3 Kg8 36. g4 fxg4 37. Qxg4 Re7 38. h5 Bd7 39. Kf1 Rg7 40. Rg1 g5 41. Ke2 Kh7
42. f3 Rf8 43. Bd2 Rgf7 44. Rh1 Qb8 45. c6 Bc8 46. Qg3 Rf4 47. Bxf4 Rxf4 48.
Nc2 Qxe5+ 49. Kf1 Qxb2 50. Qf2 d4 51. Kg2 g4 52. Nxd4 gxf3+ 53. Nxf3 Qg7+ 54.
Kf1 Qf7 55. Rh3 e5 56. Rg3 e4 57. b5 Bg4 58. b6 Bxf3 59. b7 Be2+ 60. Kg1 Rxf2
61. b8=Q Rf1+ 0-1

[Event "XII Festival A"]
[Site "Trieste ITA"]
[Date "2010.09.11"]
[Round "9"]
[White "Castelfranchi, Carlo"]
[Black "Tonel, Giulia"]
[Result "1-0"]
[WhiteElo "2121"]
[BlackElo "1977"]
[PlyCount "127"]
[EventDate "2010.09.04"]

1. e4 c5 2. Nf3 Nc6 3. d4 cxd4 4. Nxd4 e5 5. Nb5 d6 6. Bc4 Be7 7. Nd2 Nf6 8.
Nf3 O-O 9. Qd3 a6 10. Nc3 Be6 11. Bxe6 fxe6 12. Bg5 Rc8 13. O-O Nh5 14. Bxe7
Qxe7 15. Ne2 Rcd8 16. c3 Kh8 17. Rad1 g5 18. g3 h6 19. b4 Qf7 20. Ne1 Qg6 21.
Kh1 Rd7 22. Ng2 Nf6 23. f3 Rff7 24. Ne3 d5 25. exd5 Qxd3 26. Rxd3 exd5 27. Kg2
d4 28. Nf5 Kh7 29. cxd4 Nxb4 30. Rb3 Nfd5 31. g4 exd4 32. Nexd4 a5 33. h4 gxh4
34. Rh1 Nf4+ 35. Kf2 h3 36. Kg3 Nxa2 37. Rb6 Nc3 38. Rxh6+ Kg8 39. Re1 Ncd5 40.
Re8+ Rf8 41. Rxf8+ Kxf8 42. Rh8+ Kf7 43. Rh7+ Ke8 44. Rh8+ Kf7 45. Rh7+ Ke8 46.
Ng7+ Kf8 47. Nge6+ Ke8 48. Rh8+ Ke7 49. Nxf4 Nxf4 50. Nf5+ Ke6 51. Kxf4 a4 52.
g5 a3 53. Rh6+ Kd5 54. Rxh3 Kc4 55. Ke5 a2 56. Rh1 b5 57. Nd6+ Kc5 58. Rc1+ Kb4
59. g6 Kb3 60. Nxb5 Kb2 61. Rg1 Rb7 62. Nd4 Rc7 63. Rg2+ Kb1 64. Rxa2 1-0

[Event "XII Festival A"]
[Site "Trieste ITA"]
[Date "2010.09.11"]
[Round "9"]
[White "Epishin, Vladimir V."]
[Black "Roiz, Michael"]
[Result "1/2-1/2"]
[WhiteElo "2594"]
[BlackElo "2637"]
[PlyCount "85"]
[EventDate "2010.09.04"]

1. d4 Nf6 2. Nf3 d5 3. c4 e6 4. Bg5 h6 5. Bxf6 Qxf6 6. Nbd2 Be7 7. e3 O-O 8.
cxd5 exd5 9. Be2 c5 10. O-O Nc6 11. dxc5 Bxc5 12. Nb3 Bb6 13. Qd2 Bg4 14. a4 a6
15. a5 Ba7 16. Ra4 Bd7 17. Rd1 Rfd8 18. Ra3 Rac8 19. Nbd4 Bc5 20. Nxc6 Bxc6 21.
b4 Ba7 22. Nd4 Bd7 23. g3 Bh3 24. Rd3 Rc4 25. b5 Bxd4 26. Rxd4 Rxd4 27. Qxd4
Qxd4 28. exd4 axb5 29. Bxb5 Ra8 30. Ra1 Kf8 31. f3 Be6 32. Kf2 Ke7 33. Ke3 Kd6
34. Bd3 Bd7 35. Kd2 Rc8 36. f4 f6 37. h4 Bc6 38. Ra3 Bd7 39. Ra2 Bc6 40. Ra1
Bd7 41. Ra3 Bc6 42. Bf5 Re8 43. Bd3 1/2-1/2

[Event "XII Festival A"]
[Site "Trieste ITA"]
[Date "2010.09.11"]
[Round "9"]
[White "Fehr, Axel"]
[Black "Yrjola, Jouni"]
[Result "1/2-1/2"]
[WhiteElo "2147"]
[BlackElo "2368"]
[PlyCount "50"]
[EventDate "2010.09.04"]

1. c4 f5 2. d4 Nf6 3. Nf3 g6 4. g3 Bg7 5. Bg2 O-O 6. O-O d6 7. Nc3 Qe8 8. d5
Na6 9. Be3 Bd7 10. Qc1 Ng4 11. Bd4 Bh6 12. Qc2 c5 13. dxc6 bxc6 14. h3 Nf6 15.
Qa4 Qc8 16. Bxf6 Rxf6 17. b4 e5 18. Rfd1 e4 19. Nd4 c5 20. Ndb5 Nxb4 21. a3 Na6
22. Nd5 Rf7 23. Qa5 Bxb5 24. cxb5 Nc7 25. e3 Bg7 1/2-1/2

[Event "XII Festival A"]
[Site "Trieste ITA"]
[Date "2010.09.11"]
[Round "9"]
[White "Gleizerov, Evgeny"]
[Black "Rombaldoni, Axel"]
[Result "1-0"]
[WhiteElo "2564"]
[BlackElo "2453"]
[PlyCount "85"]
[EventDate "2010.09.04"]

1. d4 d5 2. c4 e6 3. Nf3 c6 4. g3 dxc4 5. Bg2 b5 6. O-O Nf6 7. a4 Bb7 8. Ne5 a6
9. axb5 axb5 10. Rxa8 Bxa8 11. Nc3 Nd5 12. e4 Nf6 13. d5 Bd6 14. Ng4 b4 15.
Nxf6+ Qxf6 16. dxc6 Be5 17. c7 O-O 18. cxb8=Q Rxb8 19. Na4 Bc6 20. Be3 Qd8 21.
Nb6 Bb5 22. Qxd8+ Rxd8 23. Rb1 Bxb2 24. Bf1 Bc3 25. Bxc4 Bc6 26. f3 h5 27. Kf2
g6 28. Ke2 Kg7 29. Rd1 Rxd1 30. Kxd1 h4 31. gxh4 Be5 32. h3 Bg3 33. Ke2 f5 34.
exf5 exf5 35. Bc5 Bxh4 36. Bxb4 Kh6 37. Nd5 Bb7 38. Bd2+ Kh7 39. Nf4 Bg3 40.
Ne6 Bd6 41. Ng5+ Kg7 42. Bc3+ Kf8 43. Bf6 1-0

[Event "XII Festival A"]
[Site "Trieste ITA"]
[Date "2010.09.11"]
[Round "9"]
[White "Hartl, Daniel"]
[Black "Jovic, Stanoje"]
[Result "1-0"]
[WhiteElo "2233"]
[BlackElo "2290"]
[PlyCount "51"]
[EventDate "2010.09.04"]

1. d4 Nf6 2. c4 d6 3. Nc3 Bf5 4. Nf3 g6 5. Qb3 Qc8 6. h3 Bg7 7. g4 Bd7 8. e4
O-O 9. e5 dxe5 10. dxe5 Nxg4 11. hxg4 Bxg4 12. Be2 c6 13. Be3 Nd7 14. O-O-O
Bxf3 15. Bxf3 Nxe5 16. Be2 Ng4 17. Ne4 b5 18. Bd4 bxc4 19. Qh3 h5 20. Bxg7 Kxg7
21. Rdg1 Qf5 22. Rxg4 Qa5 23. Rg5 Qc7 24. Qc3+ f6 25. Rhg1 Qf4+ 26. Nd2 1-0

[Event "XII Festival A"]
[Site "Trieste ITA"]
[Date "2010.09.11"]
[Round "9"]
[White "Kovchan, Alexander"]
[Black "Bogdanovski, Vlatko"]
[Result "1/2-1/2"]
[WhiteElo "2562"]
[BlackElo "2398"]
[PlyCount "103"]
[EventDate "2010.09.04"]

1. e4 c6 2. d4 d5 3. Nc3 dxe4 4. Nxe4 Bf5 5. Ng3 Bg6 6. Nf3 Nd7 7. Bd3 e6 8.
O-O Ngf6 9. b3 Be7 10. Bb2 Qc7 11. c4 Rd8 12. Bxg6 hxg6 13. Qe2 O-O 14. Rfd1
Rfe8 15. Rac1 c5 16. dxc5 Bxc5 17. a3 a5 18. Nd4 Qf4 19. Qf3 Qxf3 20. Nxf3 e5
21. b4 axb4 22. axb4 Bxb4 23. Nxe5 Nxe5 24. Rxd8 Rxd8 25. Bxe5 Bc5 26. Bf4 Re8
27. h3 Ne4 28. Nxe4 Rxe4 29. Bg3 Re2 30. Bh4 f6 31. g4 Kf7 32. Kg2 b6 33. Bg3
g5 34. h4 gxh4 35. Bxh4 g6 36. Kf3 Rd2 37. Bg3 Ke6 38. Re1+ Kd7 39. Rc1 Kc6 40.
Re1 Kd7 41. g5 Rd3+ 42. Kg2 fxg5 43. Re5 Be7 44. f3 Rc3 45. Bf2 Rc2 46. Kf1
Rxc4 47. Bxb6 g4 48. fxg4 Rxg4 49. Bc5 Bf6 50. Re2 Rg5 51. Be3 Rf5+ 52. Rf2
1/2-1/2

[Event "XII Festival A"]
[Site "Trieste ITA"]
[Date "2010.09.11"]
[Round "9"]
[White "Kragelj, Igor"]
[Black "Suc, Timothy"]
[Result "1-0"]
[WhiteElo "2226"]
[BlackElo "2014"]
[PlyCount "65"]
[EventDate "2010.09.04"]

1. d4 e6 2. c4 f5 3. g3 Nf6 4. Bg2 Be7 5. Nf3 O-O 6. O-O d6 7. b3 Ne4 8. Bb2
Bf6 9. Nbd2 Nc6 10. Ne1 Nxd2 11. Qxd2 e5 12. Bd5+ Kh8 13. Bxc6 bxc6 14. dxe5
dxe5 15. Qxd8 Rxd8 16. Nd3 Re8 17. f4 e4 18. Bxf6 exd3 19. Be5 dxe2 20. Rfe1
Kg8 21. Bxc7 Bb7 22. Kf2 Kf7 23. Rxe2 Rxe2+ 24. Kxe2 Re8+ 25. Be5 Rd8 26. Rd1
Rxd1 27. Kxd1 g6 28. Kd2 Ke6 29. Bd4 a6 30. Kc3 Kd6 31. Be5+ Kc5 32. Bc7 a5 33.
a3 1-0

[Event "XII Festival A"]
[Site "Trieste ITA"]
[Date "2010.09.11"]
[Round "9"]
[White "Mazi, Leon"]
[Black "Sarno, Spartaco"]
[Result "1-0"]
[WhiteElo "2381"]
[BlackElo "2329"]
[PlyCount "133"]
[EventDate "2010.09.04"]

1. e4 d6 2. d4 Nf6 3. Nc3 g6 4. Be3 Bg7 5. Qd2 O-O 6. Nf3 c6 7. h3 b5 8. Bd3
Nbd7 9. O-O Bb7 10. Bh6 e5 11. Rfe1 a6 12. Rad1 Re8 13. Bxg7 Kxg7 14. Bf1 Qc7
15. a3 Rad8 16. Re3 Nf8 17. Rde1 Ne6 18. Ne2 c5 19. d5 Nd4 20. Ng3 Bxd5 21.
exd5 Nxd5 22. Rd3 f5 23. Nxd4 cxd4 24. c3 dxc3 25. bxc3 Nf4 26. Rde3 Qc5 27.
Qb2 Rc8 28. Rd1 Rc6 29. Ne2 Nd5 30. Red3 Nb6 31. Qb4 Nc4 32. Rd5 Qa7 33. Ng3
Re6 34. Bxc4 Rxc4 35. Qa5 Ra4 36. Qd8 Qe7 37. Rxd6 Qxd8 38. Rxd8 Rxa3 39. R1d7+
Kf6 40. Rc8 Re7 41. Rd1 Rb7 42. Nf1 Ke7 43. Ne3 Rd7 44. Rb1 h5 45. c4 f4 46.
Nd5+ Kf7 47. cxb5 axb5 48. Nc3 b4 49. Rxb4 Ra1+ 50. Kh2 Rf1 51. Rb2 Rc1 52. Rc6
g5 53. f3 Kg7 54. Rbb6 g4 55. hxg4 hxg4 56. Ne4 Re1 57. Rg6+ Kf8 58. Rbf6+ Ke7
59. Rg7+ Kd8 60. Rf8+ Kc7 61. Rff7 Rxf7 62. Rxf7+ Kc6 63. Rg7 g3+ 64. Kh3 Re2
65. Rg6+ Kd7 66. Rd6+ Ke7 67. Rd2 1-0

[Event "XII Festival A"]
[Site "Trieste ITA"]
[Date "2010.09.11"]
[Round "9"]
[White "Ottaviani, Gianluca"]
[Black "Cherin, Diego"]
[Result "0-1"]
[WhiteElo "1936"]
[BlackElo "2285"]
[PlyCount "76"]
[EventDate "2010.09.04"]

1. e4 c5 2. Nf3 e6 3. d4 cxd4 4. Nxd4 Nc6 5. Nb5 d6 6. c4 Nf6 7. N1c3 a6 8. Na3
b6 9. Be2 Bb7 10. O-O Nb8 11. f3 Nbd7 12. Be3 Be7 13. Rc1 Qc7 14. Qd2 Rc8 15.
Rfd1 O-O 16. Bf1 Qb8 17. Nc2 Bd8 18. Kh1 Bc7 19. Bg1 Rfd8 20. Qe1 Nf8 21. b4
Qa8 22. Na4 N8d7 23. Nd4 Re8 24. c5 dxc5 25. bxc5 Nxc5 26. Nxc5 bxc5 27. Nb3
Bc6 28. Nxc5 Bb5 29. a4 Bxf1 30. Qxf1 a5 31. Nd7 Nxd7 32. Rxd7 Bf4 33. Rcd1 Qc6
34. Qb5 Qc3 35. Bd4 Qb4 36. Qh5 g6 37. Qh4 Qxa4 38. Bf6 Qxd7 0-1

[Event "XII Festival A"]
[Site "Trieste ITA"]
[Date "2010.09.11"]
[Round "9"]
[White "Petrachi, Gianni"]
[Black "Gregori, Giuliano"]
[Result "1-0"]
[WhiteElo "1899"]
[BlackElo "1946"]
[PlyCount "49"]
[EventDate "2010.09.04"]

1. e4 e6 2. d4 d5 3. e5 c5 4. c3 Nc6 5. Nf3 Qb6 6. Bd3 cxd4 7. cxd4 Bd7 8. O-O
Nxd4 9. Nxd4 Qxd4 10. Nc3 a6 11. Re1 Qa7 12. Qg4 h5 13. Qg5 Ne7 14. Bd2 Nc6 15.
Nxd5 exd5 16. e6 Bxe6 17. Qxd5 Nd8 18. Rxe6+ Nxe6 19. Re1 Be7 20. Rxe6 Rd8 21.
Rxe7+ Kxe7 22. Bb4+ Ke8 23. Qe5+ Kd7 24. Qd6+ Kc8 25. Bf5+ 1-0

[Event "XII Festival A"]
[Site "Trieste ITA"]
[Date "2010.09.11"]
[Round "9"]
[White "Piscopo, Pierluigi"]
[Black "Srebrnic, Vojko"]
[Result "1-0"]
[WhiteElo "2424"]
[BlackElo "2178"]
[PlyCount "121"]
[EventDate "2010.09.04"]

1. e4 g6 2. Nc3 Bg7 3. Bc4 c5 4. f4 e6 5. Nf3 Ne7 6. O-O Nbc6 7. d3 O-O 8. a3
d5 9. Ba2 dxe4 10. Nxe4 b6 11. Rb1 Bb7 12. Bd2 Nf5 13. Kh1 Ncd4 14. Ne5 Bd5 15.
Bc4 f6 16. Nf3 Bxc4 17. dxc4 Qd7 18. Nxd4 Nxd4 19. Bc3 Qc6 20. Re1 Rad8 21.
Bxd4 Rxd4 22. Qf3 Qd7 23. Rbd1 Rd8 24. Nf2 Qe7 25. b3 Rxd1 26. Rxd1 Rxd1+ 27.
Qxd1 h6 28. Qe2 Qd6 29. Nd3 Kf7 30. Qe4 f5 31. Qb7+ Qe7 32. Qb8 g5 33. g3 Qd7
34. Qa8 Qc7 35. fxg5 hxg5 36. Qf3 Kg6 37. h4 g4 38. Nf4+ Kf7 39. Qe3 Qe5 40.
Qd2 Qd4 41. Qe1 Qa1 42. Qxa1 Bxa1 43. Kg2 Bb2 44. a4 Be5 45. Nd3 Bd6 46. Nc1
Kg6 47. Ne2 Be5 48. Kf2 Bb8 49. Ke3 e5 50. Nc3 Kh5 51. Kf2 f4 52. Ne4 Kg6 53.
a5 Bc7 54. a6 Kf5 55. Nc3 fxg3+ 56. Kxg3 e4+ 57. Kg2 Bd8 58. h5 Bh4 59. h6 Kg6
60. Nxe4 Kxh6 61. Nd6 1-0

[Event "XII Festival A"]
[Site "Trieste ITA"]
[Date "2010.09.11"]
[Round "9"]
[White "Pomaro, Alberto"]
[Black "Ulibin, Mikhail"]
[Result "0-1"]
[WhiteElo "2362"]
[BlackElo "2544"]
[PlyCount "78"]
[EventDate "2010.09.04"]

1. e4 e6 2. d4 d5 3. Nc3 Bb4 4. e5 b6 5. Qg4 Bf8 6. Bb5+ c6 7. Bd3 Ba6 8. Bxa6
Nxa6 9. Qe2 Nc7 10. Nf3 Qd7 11. Nd1 Ne7 12. b3 c5 13. Bb2 Nc6 14. O-O Be7 15.
dxc5 bxc5 16. Ne3 O-O 17. Ng4 d4 18. h4 f5 19. exf6 gxf6 20. Bc1 Kh8 21. Nh6
Bd6 22. Ne1 Nd5 23. Qh5 Rae8 24. Nd3 Ncb4 25. Nxb4 Nxb4 26. Bd2 Nxc2 27. Rad1
a5 28. Bxa5 Ra8 29. Bd2 Rxa2 30. Kh1 Na3 31. Qe2 Bf4 32. Ng4 e5 33. f3 Qf5 34.
Qe1 Nc2 35. Qe4 Qxe4 36. fxe4 h5 37. Nh6 Ne3 38. Bxe3 dxe3 39. Rd8 Rxd8 0-1

[Event "XII Festival A"]
[Site "Trieste ITA"]
[Date "2010.09.11"]
[Round "9"]
[White "Pregarac, Valter"]
[Black "Sevenyuk, Alexey"]
[Result "1/2-1/2"]
[WhiteElo "2089"]
[BlackElo "1920"]
[PlyCount "80"]
[EventDate "2010.09.04"]

1. d4 e6 2. c4 f5 3. g3 Nf6 4. Bg2 Be7 5. Nc3 d5 6. Nf3 O-O 7. Bf4 c6 8. Bxb8
Rxb8 9. Ne5 Bd6 10. O-O Qe8 11. e3 g5 12. f3 Nd7 13. Nxd7 Bxd7 14. e4 f4 15. e5
Be7 16. g4 h5 17. Bh3 h4 18. Qd3 b5 19. cxb5 cxb5 20. Rfc1 Kg7 21. Bf1 Qg6 22.
Qd2 Rfc8 23. Bd3 Qe8 24. Ne2 Qd8 25. Rxc8 Rxc8 26. Rd1 Be8 27. Bb1 Bg6 28. Bxg6
Kxg6 29. Qd3+ Kf7 30. Rd2 Qa5 31. b3 a6 32. Kf2 Qc7 33. Qh7+ Ke8 34. Qd3 Kd8
35. a4 Qb6 36. axb5 axb5 37. Rc2 Rxc2 38. Qxc2 b4 39. Ke1 Qa6 40. Qb1 Kd7
1/2-1/2

[Event "XII Festival A"]
[Site "Trieste ITA"]
[Date "2010.09.11"]
[Round "9"]
[White "Sorbera, Giovanni"]
[Black "Mocchi, Tullio"]
[Result "0-1"]
[WhiteElo "2057"]
[BlackElo "2248"]
[PlyCount "70"]
[EventDate "2010.09.04"]

1. e4 c6 2. d4 d5 3. Nc3 dxe4 4. Nxe4 Nd7 5. Nf3 Ngf6 6. Nxf6+ Nxf6 7. Bd3 Bg4
8. c3 e6 9. h3 Bh5 10. g4 Bg6 11. Ne5 Bd6 12. Nxg6 hxg6 13. Bg5 Qa5 14. Bxf6
Qd5 15. Kd2 Bf4+ 16. Kc2 gxf6 17. Qe2 g5 18. Be4 Qd6 19. a4 a5 20. Bg2 Kf8 21.
Rad1 Kg7 22. Kb1 Rab8 23. c4 Qb4 24. Qc2 Rbd8 25. Rhe1 Rd7 26. Re4 Rhd8 27. d5
cxd5 28. cxd5 Qb6 29. Red4 Rc7 30. Qe2 Rc5 31. dxe6 Rxd4 32. e7 Rxd1+ 33. Qxd1
Rc1+ 34. Qxc1 Bxc1 35. Kxc1 Qc5+ 0-1

[Event "II Open Alfa Lum A"]
[Site "Cagliari ITA"]
[Date "2010.09.03"]
[Round "1"]
[White "Bulleri, Valentino"]
[Black "Camboni, Paolo"]
[Result "0-1"]
[WhiteElo "1584"]
[BlackElo "1898"]
[PlyCount "90"]
[EventDate "2010.09.03"]

1. e4 e6 2. d4 d5 3. e5 c5 4. Qg4 Nc6 5. Nf3 cxd4 6. Bd3 Nge7 7. O-O Ng6 8. Re1
Be7 9. a3 Bd7 10. Nbd2 Qc7 11. Qg3 O-O-O 12. Nb3 f6 13. exf6 Bd6 14. Qh3 e5 15.
Bf5 gxf6 16. Bd2 Kb8 17. Rac1 Rhg8 18. Bxd7 Qxd7 19. Qxd7 Rxd7 20. c4 dxc3 21.
Rxc3 e4 22. Nfd4 Nxd4 23. Nxd4 Be5 24. Be3 Nh4 25. g3 Bxd4 26. Bxd4 Nf3+ 27.
Rxf3 exf3 28. Re3 Rg4 29. Bxf6 d4 30. Be5+ Kc8 31. Re1 d3 32. Bf4 b5 33. h3 Rg6
34. g4 Kb7 35. Kh2 Rc6 36. Kg3 Rc2 37. Kxf3 Rxb2 38. Rd1 Rb3 39. h4 Rxa3 40.
Ke4 a5 41. Ke3 b4 42. h5 a4 43. Rb1 b3 44. Kd2 Ra2+ 45. Ke1 Rd4 0-1

[Event "II Open Alfa Lum A"]
[Site "Cagliari ITA"]
[Date "2010.09.03"]
[Round "1"]
[White "Carucci, Bruno"]
[Black "Altea, Giovanni"]
[Result "0-1"]
[WhiteElo "1576"]
[BlackElo "1850"]
[PlyCount "86"]
[EventDate "2010.09.03"]

1. d4 Nf6 2. c4 Nc6 3. Nf3 e6 4. Nc3 Bb4 5. e3 O-O 6. Bd3 d6 7. O-O e5 8. Bb1
Bg4 9. h3 Bh5 10. g4 Nxg4 11. Nh2 Nf6 12. Ng4 Kh8 13. f3 Bg6 14. Bxg6 fxg6 15.
d5 Ne7 16. e4 Nh5 17. Bg5 Nf4 18. Rf2 Nxh3+ 19. Kg2 Nxg5 20. Ne2 Qd7 21. Rf1
Nxf3 22. Kg3 Ng5 23. Qb3 Nxe4+ 24. Kh3 Bc5 25. Ng3 Rxf1 26. Rxf1 Nf2+ 27. Kg2
Nxg4 28. Rf7 Qe8 29. Rf3 Bb6 30. Ne4 Nf5 31. Rh3 Qe7 32. a4 a5 33. Qa3 Nge3+
34. Kh1 Nxc4 35. Qa1 Nce3 36. Qg1 Kg8 37. Qh2 Nh6 38. Rxh6 gxh6 39. Qxh6 Rf8
40. Ng3 Qf7 41. Qh3 Qf3+ 42. Kh2 Ng4+ 43. Qxg4 Qxg4 0-1

[Event "II Open Alfa Lum A"]
[Site "Cagliari ITA"]
[Date "2010.09.03"]
[Round "1"]
[White "Clementini, Lorenzo"]
[Black "Murgia, Elio"]
[Result "1-0"]
[WhiteElo "2063"]
[BlackElo "1712"]
[PlyCount "75"]
[EventDate "2010.09.03"]

1. e4 e6 2. d4 d5 3. e5 c5 4. c3 Qb6 5. Nf3 Bd7 6. Bd3 Bb5 7. O-O Bxd3 8. Qxd3
Qa6 9. Qe3 Nc6 10. dxc5 Nh6 11. b4 b6 12. a4 Qb7 13. b5 Na5 14. c6 Qc7 15. Qe2
Nb3 16. Ra2 Nxc1 17. Rxc1 Bc5 18. h3 O-O 19. Nbd2 Rfe8 20. Nd4 Nf5 21. N2b3 Bf8
22. Rca1 Nxd4 23. cxd4 Bb4 24. a5 Bc3 25. axb6 Qxb6 26. Ra6 Bxa1 27. Rxb6 axb6
28. Qc2 f6 29. exf6 gxf6 30. Qc1 Ra4 31. Nxa1 Rxd4 32. Nb3 Rc4 33. Qe3 Rb4 34.
Nd4 e5 35. Nf5 Ra8 36. Qg3+ Kf7 37. Qg7+ Ke6 38. Qd7# 1-0